000 00618nam a2200217 4500
001 114656
003 ES-SlBCS
005 20210327224123.0
008 151021q1900 sp spa d
035 _aUCLM0397633
040 _aUCLM
_erdc
080 _a37(091)
100 1 _aBunge, C. O.
_9103113
245 1 0 _aEvolution de l'éducation
_cC.-O- Bunge ; traduit de l'espagnol par Alfred Costes.
260 _aParis :
_bA. Schleicher,
_c[19--?]
300 _a228 p. :
_c20 cm
490 0 _aBibliothèque de Philosophie pratique
650 4 _aEducación
_986687
650 4 _aHistoria
_92130
942 _2lcc
_cBK
999 _c464156
_d464156